Elektronické bankovníctvo bakalárska práca

Salvato in:
Dettagli Bibliografici
Autore principale: Žiaranová, Andrea
Ente Autore: Národohospodárska fakulta EU. Katedra bankovníctva a medzinárodných financií
Altri autori: Kolenčík, Pavol
Natura: Libro
Lingua:slovacco
Pubblicazione: Bratislava 2009
Tags: Aggiungi Tag
Nessun Tag, puoi essere il primo ad aggiungerne!!

MARC

LEADER 00000nam$a2200000$$$4500
001 0100224
005 20240319123210.2
041 0 |a slo 
044 |a SK 
245 1 0 |a Elektronické bankovníctvo  |b bakalárska práca  |c Andrea Žiaranová ; škol. Pavol Kolenčík 
264 1 |a Bratislava  |c 2009 
300 |a 43 s. 
100 1 |a Žiaranová, Andrea 
700 1 |a Kolenčík, Pavol 
710 2 |a Národohospodárska fakulta EU. Katedra bankovníctva a medzinárodných financií